Geografía de América Latina
সংরক্ষণ করুন:
| প্রধান লেখক: | |
|---|---|
| বিন্যাস: | গ্রন্থ |
| ভাষা: | স্প্যানিশ |
| প্রকাশিত: |
Ciudad de México
Fondo de Cultura Económica
1965
|
| বিষয়গুলি: | |
| ট্যাগগুলো: |
ট্যাগ যুক্ত করুন
কোনো ট্যাগ নেই, প্রথমজন হিসাবে ট্যাগ করুন!
|
MARC
| LEADER | 00000nam a2200000 a 4500 | ||
|---|---|---|---|
| 001 | UCU1997 | ||
| 003 | CL-VaPUC | ||
| 008 | 960419e19650000mx |||||||||||||||||spa|d | ||
| 082 | 0 | 4 | |a 918 |b SCH |2 21 |
| 100 | 0 | |a Schmieder, Oscar |e author |9 357813 | |
| 245 | 1 | 0 | |a Geografía de América Latina |
| 300 | |a 1114 p | ||
| 942 | |c BK | ||
| 945 | |d 19960419 00:00:00 |a lriquelm | ||
| 260 | |a Ciudad de México |b Fondo de Cultura Económica |c 1965 | ||
| 650 | 0 | |a Geografía |9 259346 | |
| 650 | 0 | |a Clima |9 265281 | |
| 650 | 0 | |a Mapas |9 260844 | |
| 650 | 7 | |a SITUACION GEOGRAFICA |2 CL-VaPUC |9 357814 | |
| 650 | 0 | |a Medio ambiente físico |9 347938 | |
| 651 | 0 | |a América Latina |9 255027 | |
| 651 | 7 | |a AMERICA DEL NORTE |2 CL-VaPUC |9 311278 | |
| 651 | 0 | |a América |9 255182 | |
| 583 | |a last modification |c 20171227 05:17:54 |k Rodrigo Vera | ||
| 999 | |c 246405 |d 246403 | ||
| 952 | |0 0 |1 0 |4 0 |6 918_000000000000000_SCH_1965 |7 0 |8 A |9 261356 |a BIBING |b BIBING |d 2019-11-19 |i 2017946 |o 918 SCH 1965 |p 2017946 |r 2025-01-20 |w 2019-11-19 |y BK |k ING | ||